000 00445nam a2200133Ia 4500
008 220216s9999 xx 000 0 und d
100 _aGeorge K.T
245 0 _aTapping labour shortage and dilemmas in policy options: The case of rubber smallholder sector in Kerala
260 _bRubber Research Institute of India, Kottayam, India, 39p.
650 _aKerala
650 _aLabour shortage
650 _aRubber smallholder sector
942 _cBS
999 _c49871
_d49871